| 000 | 00882nam a2200241Ia 4500 | ||
|---|---|---|---|
| 005 | 20251124125337.0 | ||
| 008 | 191130s2007##################000#0#eng## | ||
| 020 | _a0123694159 (alk. paper) | ||
| 082 |
_a616.0277 _bHAL |
||
| 245 |
_aCellular transplantation : from laboratory to clinic _ceditors, Craig Halberstadt, Dwaine Emerich |
||
| 260 |
_aAmsterdam ; Boston _bElsevier / Academic Press _cc2007 |
||
| 300 | _axiv, 676 p., [8] p. of plates : ill. (some col.) ; 29 cm | ||
| 500 | _aIncludes bibliographical references and index | ||
| 650 | _aCell transplantation | ||
| 650 | _aCellular therapy | ||
| 650 | _aCentral Nervous System Diseases - therapy | ||
| 650 | _aPeripheral Nervous System Diseases - therapy | ||
| 650 | _aTissue Therapy | ||
| 650 | _aTransplantation immunology | ||
| 700 | _aEmerich, Dwaine F | ||
| 700 | _aHalberstadt, Craig | ||
| 942 | _cENGLISH | ||
| 999 |
_c125746 _d125746 |
||